zpět

Detail výsledku týmu

Koupák, Neratovice

Datum a čas kvízu

18 Celkem bodů Celkový počet nahraných bodů na tomto kvízu bez doplňovacích otázek.
6. Pořadí na kvízu Konečné umístění týmu na tomto kvízu.

Zaznamenané odpovědi

# Otázka Odpověď Body Výsledky
1. Praha plánuje přejmenovat námě... Boris Němcov 0
2. Když policejní oddělení v Seve... Sauron 0
3. Obvykle se naše aktuální událo... Ivan Král 0
4. Svět mobilních telefonů minulý... Blackberry 0
5. Lodivod české mužské basketbal... Ronen Ginzburg 0
6. Další díl naší cesty kolem svě... Ohio, Oklahoma, Oregon 1
7. Ve kterém roce došlo dne 4. če... v roce 1776 0
8. Fakt, že se ve Spojených státe... 1B 2D 3A 4C 0
9. Která řeka "vyřezala" do kraji... A 0
10. Ze Spojených států pochází nep... Katy Perry 1